Mariano Marcos State University

University Library System

Phytochemical analysis and antimicrobial activity of bignay (Antidesma bubius (L.) Sprengel fruit (Record no. 9647)

MARC details
000 -LEADER
fixed length control field 00598nam a22001697a 4500
003 - CONTROL NUMBER IDENTIFIER
control field OSt
005 - DATE AND TIME OF LATEST TRANSACTION
control field 20171010095459.0
008 - FIXED-LENGTH DATA ELEMENTS--GENERAL INFORMATION
fixed length control field 120720t xxu||||| |||| 00| 0 eng d
040 ## - CATALOGING SOURCE
Original cataloging agency MMSU
Transcribing agency ULS
100 ## - MAIN ENTRY--PERSONAL NAME
Personal name Lorenzo, Imelda S.
9 (RLIN) 11347
245 ## - TITLE STATEMENT
Title Phytochemical analysis and antimicrobial activity of bignay (Antidesma bubius (L.) Sprengel fruit
Statement of responsibility, etc. Imelda S. Lorenzo
260 ## - PUBLICATION, DISTRIBUTION, ETC.
Date of publication, distribution, etc. 3482
300 ## - PHYSICAL DESCRIPTION
Extent xviii, 70 leaves
Dimensions 28 cm.
500 ## - GENERAL NOTE
General note Thesis (BS Biology) -- Mariano Marcos State University-College of Arts & Sciences, Batac City
504 ## - BIBLIOGRAPHY, ETC. NOTE
Bibliography, etc. note Bibliography: leaves 35-36
942 ## - ADDED ENTRY ELEMENTS (KOHA)
Source of classification or shelving scheme
Koha item type Thesis/Dissertation
Holdings
Withdrawn status Lost status Source of classification or shelving scheme Damaged status Not for loan Home library Current library Date acquired Total Checkouts Barcode Date last seen Price effective from Koha item type Public note
          REF REF 07/20/2012   3482-Un 10/10/2017 10/10/2017 Thesis/Dissertation Library Use only

© 2023 Mariano Marcos State University. All Rights Reserved.

Powered by Koha